| 000 | 00908npm a2200229 i 4500 | ||
|---|---|---|---|
| 001 | 5323 | ||
| 003 | ES-MaACL | ||
| 005 | 20230909111929.0 | ||
| 007 | hzrazu bucu | ||
| 008 | 900503r19901813sp b 00010 spa d | ||
| 080 | _a262.136.12(46)"14" | ||
| 100 | 1 |
_aZurita, Jerónimo. _9118536 |
|
| 245 | 1 | 0 |
_aEstablecimiento del Tribunal de la Santa Inquisicion en España _b: [Microforma] : sacado del cap. 49 del libro 20 de los Anales de Aragon / _cde Geronimo de Zurita... |
| 260 |
_aMadrid : _bAteneo Cientifico, Literario y Artistico, _c1990. |
||
| 300 |
_a1 microficha : _bnegativo. |
||
| 500 | _aPublicado originalmente: Cadiz, Impr. de la Junta provincial en la Casa de Misericordia, 1813. | ||
| 501 | _aCon: Informes, autos y escritos varios sobre la Inquisicion. | ||
| 650 | 1 | 4 |
_aObras de 1800. _915662 |
| 852 |
_aES-MaACL _jMCF-36 _95440 |
||
| 942 |
_2udc _cMICROFORMA |
||
| 999 |
_c5323 _d5323 |
||